000
00299nam a22001337a 4500
008
170830b xxu||||| |||| 00| 0 eng d
020
_a
0205491464
041
_a
eng
080
_a
070
100
_a
40
101
_a
MED
245
_a
ESSENTIAL OF HUMAN COMMUNICATION
_c
DEVITO,J.A
942
_2
udc
_c
BK
999
_c
25642
_d
25642